Basic Business Finance Text and Cases

Uložené v:
Podrobná bibliografia
Hlavný autor: Hunt, Pearson
Ďalší autori: Williams, Charles M., Donaldson, Gordon
Médium: Kniha
Jazyk:English
Vydavateľské údaje: Homewood Irwin 1966
Vydanie:1. ed.
Tagy: Pridať tag
Žiadne tagy, Buďte prvý, kto otaguje tento záznam!

MARC

LEADER 00000nam a2200000 4500
001 c028284
005 20221220103436.8
041 0 |a eng 
044 |a US 
245 1 0 |a Basic Business Finance  |b Text and Cases  |c Pearson Hunt, Charles M. Williams, Gordon Donaldson 
250 |a 1. ed. 
264 1 |a Homewood  |b Irwin  |c 1966 
300 |a 1016 s. 
100 1 |a Hunt, Pearson 
700 1 |a Williams, Charles M. 
700 1 |a Donaldson, Gordon